| 000 | 00967nam a2200229 a 4500 | ||
|---|---|---|---|
| 008 | 070321s2007 ||||||||||||||||| || u | ||
| 020 | _a0821366335 | ||
| 050 | _aIBRD(06)DD/2007/2 | ||
| 100 | _aBanerjee, Sudeshna Ghosh | ||
| 245 | 1 | 0 |
_aPeople and power: electricity sector reforms and the Poor in Europe and Central Asia _cby Julian A. Lampietti, Sudeshna Ghosh Banerjee and Amelia Branczik |
| 260 |
_aWashington, D. C. _bWorld Bank _c2007 |
||
| 300 | _axxviii; 227p.; ill. | ||
| 350 | _a0.00 | ||
| 490 | _aDirections in development (energy and mining) | ||
| 650 | _aELECTRICITY | ||
| 650 | _aELECTRIC UTILITIES--EUROPE | ||
| 650 | _aELECTRIC UTILITIES--ASIA CENTRAL | ||
| 650 | _aHOUSEHOLDS--ENERGY CONSUMPTION--CASE STUDIES | ||
| 700 | _aLampietti, Julian A | ||
| 700 | _aBranczik, Amelia | ||
| 995 |
_D0.00 _FCBU-MAIN LIBRARY (Kitwe) _H1 _I0.00 _M1 _UAVAILABLE _WJan 10, 2008 _ZInternational Publications |
||
| 999 |
_c53294 _d53294 |
||